[Event "Stay Safe Play From Home 200"]
[Site "T#646566Emanuel Laske"]
[Date "2020.06.04"]
[Round "7"]
[White "Matanant"]
[Black "SecantFX"]
[Result "0-1"]
[WhiteElo "1646"]
[BlackElo "1842"]
[Annotator "NA RC"]
[PlyCount "92"]
[EventDate "2020.06.04"]
[EventType "swiss (blitz)"]

1. b3 {[%emt 0:00:01]} b6 {[%emt 0:00:00]} 2. Bb2 {[%emt 0:00:01]} Bb7 {[%emt 0:00:00]} 3. d3 {[%emt 0:00:01]} f6 {[%emt 0:00:01]} 4. e4 {[%emt 0:00:00]} c6 {[%emt 0:00:00]} 5. f4 {[%emt 0:00:01]} e6 {[%emt 0:00:00]} 6. Nf3 {[%emt 0:00:01]} d6 {[%emt 0:00:00]} 7. Be2 {[%emt 0:00:00]} Ne7 {[%emt 0:00:01]} 8. O-O {[%emt 0:00:00]} Ng6 {[%emt 0:00:01]} 9. c4 {[%emt 0:00:00]} Nxf4 {[%emt 0:00:01]} 10. Qc1 {[%emt 0:00:02]} Nxe2+ {[%emt 0:00:01]} 11. Kh1 {[%emt 0:00:01]} Nxc1 {[%emt 0:00:01]} 12. Bxc1 {[%emt 0:00:00]} e5 {[%emt 0:00:01]} 13. Bb2 {[%emt 0:00:00]} Be7 {[%emt 0:00:00]} 14. Nbd2 {[%emt 0:00:01]} O-O {[%emt 0:00:00]} 15. Rae1 {[%emt 0:00:01]} d5 {[%emt 0:00:00]} 16. Nh4 {[%emt 0:00:01]} dxe4 {[%emt 0:00:01]} 17. Nxe4 {[%emt 0:00:03]} g6 {[%emt 0:00:01]} 18. d4 {[%emt 0:00:03]} exd4 {[%emt 0:00:02]} 19. c5 {[%emt 0:00:01]} bxc5 {[%emt 0:00:01]} 20. Ng3 {[%emt 0:00:03]} f5 {[%emt 0:00:01]} 21. Nf3 {[%emt 0:00:01]} Nd7 {[%emt 0:00:02]} 22. Bc1 {[%emt 0:00:01]} Bf6 {[%emt 0:00:01]} 23. Bh6 {[%emt 0:00:01]} Rf7 {[%emt 0:00:01]} 24. Re6 {[%emt 0:00:04]} Nf8 {[%emt 0:00:01]} 25. Rxf6 {[%emt 0:00:02]} Qxf6 {[%emt 0:00:02]} 26. Re1 {[%emt 0:00:05]} Re7 {[%emt 0:00:02]} 27. Rf1 {[%emt 0:00:02]} Bc8 {[%emt 0:00:02]} 28. Bg5 {[%emt 0:00:01]} Qe6 {[%emt 0:00:01]} 29. Bxe7 {[%emt 0:00:03]} Qxe7 {[%emt 0:00:00]} 30. Re1 {[%emt 0:00:01]} Qxe1+ {[%emt 0:00:01]} 31. Nxe1 {[%emt 0:00:01]} Ne6 {[%emt 0:00:01]} 32. Nd3 {[%emt 0:00:01]} Ba6 {[%emt 0:00:01]} 33. Ne5 {[%emt 0:00:01]} Bb5 {[%emt 0:00:00]} 34. Nd7 {[%emt 0:00:02]} a5 {[%emt 0:00:02]} 35. Kg1 {[%emt 0:00:03]} a4 {[%emt 0:00:00]} 36. Kf2 {[%emt 0:00:00]} axb3 {[%emt 0:00:01]} 37. axb3 {[%emt 0:00:00]} Ra3 {[%emt 0:00:01]} 38. Kf3 {[%emt 0:00:00]} Rxb3+ {[%emt 0:00:01]} 39. Kf2 {[%emt 0:00:02]} Rxg3 {[%emt 0:00:00]} 40. hxg3 {[%emt 0:00:01]} c4 {[%emt 0:00:00]} 41. Ne5 {[%emt 0:00:02]} d3 {[%emt 0:00:00]} 42. Ke3 {[%emt 0:00:01]} c5 {[%emt 0:00:01]} 43. Kd2 {[%emt 0:00:00]} Nd4 {[%emt 0:00:01]} 44. Kc3 {[%emt 0:00:00]} Ne2+ {[%emt 0:00:01]} 45. Kd2 {[%emt 0:00:02]} Nxg3 {[%emt 0:00:00]} 46. Nd7 {[%emt 0:00:02]} Ne4+ {[%emt 0:00:00] Time (Lag: Av=0.57s, max=1.2s)} 0-1

[Event "Stay Safe Play From Home 200"]
[Site "T#646566Emanuel Laske"]
[Date "2020.06.04"]
[Round "7"]
[White "Trotsky"]
[Black "Haris kollari 13"]
[Result "0-1"]
[WhiteElo "1591"]
[BlackElo "1636"]
[Annotator "NA RC"]
[PlyCount "62"]
[EventDate "2020.06.04"]
[EventType "swiss (blitz)"]

1. d4 {[%emt 0:00:01]} e6 {[%emt 0:00:00]} 2. e3 {[%emt 0:00:00]} d5 {[%emt 0:00:00]} 3. c4 {[%emt 0:00:00]} c6 {[%emt 0:00:01]} 4. Nc3 {[%emt 0:00:01]} f5 {[%emt 0:00:02]} 5. Nf3 {[%emt 0:00:01]} Nf6 {[%emt 0:00:01]} 6. c5 {[%emt 0:00:01]} Be7 {[%emt 0:00:01]} 7. Qc2 {[%emt 0:00:01]} Bd7 {[%emt 0:00:01]} 8. Bd3 {[%emt 0:00:01]} O-O {[%emt 0:00:01]} 9. Bd2 {[%emt 0:00:01]} b6 {[%emt 0:00:01]} 10. h4 {[%emt 0:00:01]} bxc5 {[%emt 0:00:02]} 11. Ng5 {[%emt 0:00:01]} c4 {[%emt 0:00:02]} 12. Be2 {[%emt 0:00:01]} h6 {[%emt 0:00:02]} 13. g4 {[%emt 0:00:01]} Nxg4 {[%emt 0:00:04]} 14. f3 {[%emt 0:00:05]} hxg5 {[%emt 0:00:03]} 15. hxg5 {[%emt 0:00:01]} Bxg5 {[%emt 0:00:02]} 16. fxg4 {[%emt 0:00:02]} fxg4 {[%emt 0:00:06]} 17. O-O-O {[%emt 0:00:02]} Bh6 {[%emt 0:00:02]} 18. e4 {[%emt 0:00:01]} e5 {[%emt 0:00:03]} 19. exd5 {[%emt 0:00:02]} cxd5 {[%emt 0:00:01]} 20. Rh5 {[%emt 0:00:08]} Be6 {[%emt 0:00:05]} 21. Rdh1 {[%emt 0:00:01]} e4 {[%emt 0:00:01]} 22. Bxh6 {[%emt 0:00:01]} gxh6 {[%emt 0:00:02]} 23. Rxh6 {[%emt 0:00:01]} Kf7 {[%emt 0:00:01]} 24. Nxe4 {[%emt 0:00:03]} dxe4 {[%emt 0:00:02]} 25. Qxe4 {[%emt 0:00:01]} Qd5 {[%emt 0:00:02]} 26. Rh7+ {[%emt 0:00:05]} Ke8 {[%emt 0:00:01]} 27. Qg6+ {[%emt 0:00:02]} Bf7 {[%emt 0:00:03]} 28. Qh6 {[%emt 0:00:07]} Qxh1+ {[%emt 0:00:02]} 29. Kd2 {[%emt 0:00:02]} Nd7 {[%emt 0:00:01]} 30. Rxf7 {[%emt 0:00:03]} Rxf7 {[%emt 0:00:01]} 31. Qxh1 {[%emt 0:00:03]} g3 {[%emt 0:00:01] ' Âðåìÿ (Lag: Av=0.34s, max=0.5s)} 0-1

[Event "Stay Safe Play From Home 200"]
[Site "T#646566Emanuel Laske"]
[Date "2020.06.04"]
[Round "7"]
[White "Mamba2001de"]
[Black "Tobo Rubirosa"]
[Result "0-1"]
[WhiteElo "1454"]
[BlackElo "1416"]
[Annotator "NA RC"]
[PlyCount "90"]
[EventDate "2020.06.04"]
[EventType "swiss (blitz)"]

1. e4 {[%emt 0:00:01]} c5 {[%emt 0:00:12]} 2. Nf3 {[%emt 0:00:01]} d6 {[%emt 0:00:01]} 3. d3 {[%emt 0:00:01]} Nc6 {[%emt 0:00:02]} 4. c3 {[%emt 0:00:01]} e6 {[%emt 0:00:01]} 5. Be3 {[%emt 0:00:01]} Nge7 {[%emt 0:00:01]} 6. Be2 {[%emt 0:00:01]} g6 {[%emt 0:00:01]} 7. O-O {[%emt 0:00:01]} Bg7 {[%emt 0:00:03]} 8. Qd2 {[%emt 0:00:00]} O-O {[%emt 0:00:01]} 9. Bh6 {[%emt 0:00:01]} Bxh6 {[%emt 0:00:03]} 10. Qxh6 {[%emt 0:00:02]} f6 {[%emt 0:00:02]} 11. Qh3 {[%emt 0:00:02]} e5 {[%emt 0:00:02]} 12. Nbd2 {[%emt 0:00:02]} Bxh3 {[%emt 0:00:01]} 13. gxh3 {[%emt 0:00:01]} f5 {[%emt 0:00:01]} 14. exf5 {[%emt 0:00:01]} gxf5 {[%emt 0:00:02]} 15. Kh1 {[%emt 0:00:01]} Qe8 {[%emt 0:00:02]} 16. Rg1+ {[%emt 0:00:01]} Kh8 {[%emt 0:00:01]} 17. Rg2 {[%emt 0:00:02]} Rg8 {[%emt 0:00:01]} 18. Rag1 {[%emt 0:00:01]} Rxg2 {[%emt 0:00:01]} 19. Rxg2 {[%emt 0:00:01]} Qf7 {[%emt 0:00:01]} 20. Ng5 {[%emt 0:00:01]} Qf6 {[%emt 0:00:02]} 21. Ndf3 {[%emt 0:00:03]} Rg8 {[%emt 0:00:02]} 22. h4 {[%emt 0:00:02]} h6 {[%emt 0:00:01]} 23. Nh3 {[%emt 0:00:01]} Rxg2 {[%emt 0:00:01]} 24. Kxg2 {[%emt 0:00:01]} f4 {[%emt 0:00:01]} 25. c4 {[%emt 0:00:04]} Nf5 {[%emt 0:00:01]} 26. Kf1 {[%emt 0:00:02]} Ncd4 {[%emt 0:00:01]} 27. Bd1 {[%emt 0:00:01]} Nxf3 {[%emt 0:00:02]} 28. Bxf3 {[%emt 0:00:01]} Nd4 {[%emt 0:00:01]} 29. Be4 {[%emt 0:00:01]} Nc2 {[%emt 0:00:02]} 30. Ng1 {[%emt 0:00:03]} Qxh4 {[%emt 0:00:01]} 31. Nf3 {[%emt 0:00:01]} Qg4 {[%emt 0:00:01]} 32. Ke2 {[%emt 0:00:02]} Nd4+ {[%emt 0:00:01]} 33. Kd2 {[%emt 0:00:03]} Nxf3+ {[%emt 0:00:02]} 34. Bxf3 {[%emt 0:00:01]} Qxf3 {[%emt 0:00:00]} 35. Kc3 {[%emt 0:00:01]} Qxf2 {[%emt 0:00:01]} 36. h4 {[%emt 0:00:01]} Qh2 {[%emt 0:00:00]} 37. b3 {[%emt 0:00:01]} Qxh4 {[%emt 0:00:00]} 38. Kb2 {[%emt 0:00:01]} f3 {[%emt 0:00:01]} 39. Ka3 {[%emt 0:00:01]} f2 {[%emt 0:00:00]} 40. Ka4 {[%emt 0:00:01]} f1=Q {[%emt 0:00:00]} 41. a3 {[%emt 0:00:00]} Qb1 {[%emt 0:00:01]} 42. Kb5 {[%emt 0:00:01]} Qhe1 {[%emt 0:00:00]} 43. b4 {[%emt 0:00:02]} Qc3 {[%emt 0:00:00]} 44. Ka4 {[%emt 0:00:02]} Qbb3+ {[%emt 0:00:00]} 45. Ka5 {[%emt 0:00:01]} Qxa3+ {[%emt 0:00:01] Zeit (Lag: Av=0.85s, max=3.9s)} 0-1

[Event "Stay Safe Play From Home 200"]
[Site "T#646566Emanuel Laske"]
[Date "2020.06.04"]
[Round "7"]
[White "Cubail"]
[Black "Lazieri3"]
[Result "0-1"]
[WhiteElo "1323"]
[BlackElo "1942"]
[Annotator "TA"]
[PlyCount "18"]
[EventDate "2020.06.04"]
[EventType "swiss (blitz)"]

{[%evp 9,17,-862,-873,-858,-846,-1038,-1025,-1010,-882,-29999]} 1. f4 c6 2. g4 d5 3. e3 ({Predecessor:} 3. g5 e5 4. fxe5 Qxg5 5. Nf3 Qh5 6. d4 Bg4 7. Qd3 Bxf3 8. Qxf3 Qh4+ 9. Qf2 Qxf2+ 10. Kxf2 {1-0 (35) Ottenweller,W (1553)-Zimmermann,J (1008) LSS email 2009}) 3... Nf6 4. Bg2 Bxg4 5. Qxg4 Nxg4 6. Nf3 {[#] A02: Bird's Opening.} e5 $1 {Hoping for ...e4.} 7. O-O (7. Nxe5 Qh4+) 7... e4 8. Nd4 Qh4 {[%csl Gg4][%cal Rh4h2]} 9. d3 Qxh2# {White did not feel at home in the position after the opening.} 0-1

[Event "Stay Safe Play From Home 200"]
[Site "T#646566Emanuel Laske"]
[Date "2020.06.04"]
[Round "8"]
[White "Broken sword"]
[Black "KLIND"]
[Result "1-0"]
[WhiteElo "2470"]
[BlackElo "1900"]
[Annotator "TA"]
[PlyCount "27"]
[EventDate "2020.06.04"]
[EventType "swiss (blitz)"]

{[%evp 9,27,409,417,395,416,407,439,422,616,625,870,862,1031,1034,1003,814,807,621,1644,1641]} 1. e4 d6 2. d4 Bg4 3. Qxg4 {[#]} Nf6 $146 ({Predecessor:} 3... e6 4. Nc3 Be7 5. Be3 Nc6 6. Nf3 b5 7. Bxb5 Kf8 8. Bxc6 Qd7 9. Bxd7 Rd8 10. Bc6 Re8 11. Bxe8 Kxe8 12. Qxg7 Kd7 13. Qxh8 a5 14. Qxg8 f6 15. d5 h5 16. dxe6+ Kc6 17. Qa8# {1-0 (17) Perez Garcia,M (1242)-Mitschke,J (256) LSS email 2014}) 4. Qe2 e5 5. dxe5 dxe5 6. Nc3 {[%cal Bb1c3,Bc3d5,Bd5f6][%mdl 32] B07: Pirc Defence: Miscellaneous Systems.} Nc6 7. Nf3 Bc5 8. Bg5 {White is clearly winning.} Bd4 (8... Bb4 $142 9. Qc4 Qd6) 9. O-O-O $18 Qe7 10. Nd5 Qd8 11. Nxd4 Nxd4 12. Qe1 Qd6 13. c3 Ne6 14. Nxf6+ {[%mdl 64] Discovered Attack. White took control after the opening. Accuracy: White = 89%, Black = 10%.} 1-0

[Event "Stay Safe Play From Home 200"]
[Site "T#646566Emanuel Laske"]
[Date "2020.06.04"]
[Round "8"]
[White "Little champs"]
[Black "Mepe_Nika"]
[Result "0-1"]
[WhiteElo "2225"]
[BlackElo "2293"]
[Annotator "TA"]
[PlyCount "70"]
[EventDate "2020.06.04"]
[EventType "swiss (blitz)"]

{[%evp 15,69,0,11,24,8,2,4,10,10,0,0,-1182,-1163,-1168,-1140,-1412,-1264,-1253,-1258,-1253,-1224,-1228,-1176,-1325,-1329,-1391,-1270,-1264,-1250,-1358,-1275,-1275,-1275,-1341,-1353,-1343,-1319,-1730,-1710,-2185,-2158,-3351,-3192,-2591,-1943,-3788,-3887,-5685,-2845,-2566,-2125,-29985,-29986,-29998,-29999,-29999]} 1. d4 d6 2. e3 g6 3. Nf3 Bg7 4. c4 Nf6 5. Nc3 O-O 6. Be2 Nbd7 7. O-O e5 8. dxe5 Nxe5 9. Nxe5 {E61: King's Indian: Early deviations for White, including Smyslov System.} dxe5 10. Qc2 c6 11. Rd1 {The position is equal.} Qc7 12. b3 {[#]} Bf5 $146 ({Predecessor:} 12... e4 13. Bb2 Ng4 14. g3 Qe7 15. Rd2 Bf5 16. Rad1 Nf6 17. Bf1 Rad8 18. Bg2 Rxd2 19. Rxd2 {0-1 (56) Kastler,P (1758)-Diviak,R (1730) Slovakia 2018}) 13. Ba3 $2 {[%mdl 8192] [#]} (13. e4 $11 Be6 14. Be3) 13... Bxc2 $19 14. Rdc1 Bf5 15. f3 Rfd8 16. e4 Be6 17. Bc5 Bf8 18. Be3 Bd7 19. b4 Bxb4 20. Rab1 Bxc3 21. Rxc3 Be6 22. Rcb3 b6 23. a4 Nd7 24. a5 Nc5 25. R3b2 Na4 26. Rb4 Nc3 27. R1b2 Nxe2+ 28. Rxe2 Rd1+ 29. Kf2 c5 30. axb6 axb6 31. Rbb2 Bxc4 32. Rec2 b5 33. Rc3 Qe7 {Black mates.} 34. Rbc2 Qh4+ {[%mdl 64] [#] Double Attack} 35. g3 Qxh2# {White got outplayed after the opening} 0-1

[Event "Stay Safe Play From Home 200"]
[Site "T#646566Emanuel Laske"]
[Date "2020.06.04"]
[Round "8"]
[White "Lamborghini"]
[Black "Weltszmerc"]
[Result "1-0"]
[WhiteElo "2094"]
[BlackElo "2133"]
[Annotator "TA"]
[PlyCount "115"]
[EventDate "2020.06.04"]
[EventType "swiss (blitz)"]

{[%evp 9,115,58,89,95,94,88,97,87,125,78,187,135,151,129,155,144,182,119,132,116,121,52,71,66,80,62,147,110,117,68,95,61,76,37,43,26,342,96,111,100,297,287,281,296,308,265,284,183,343,16,264,175,156,159,360,267,719,708,704,694,832,823,1522,1415,2060,1904,6095,6502,29985,29986,29986,29986,29986,29987,29987,29987,29987,29988,29988,29989,29989,29990,29990,29991,29993,29994,29995,29994,29994,29993,29993,29993,29994,29993,29993,29993,29993,29994,29994,29994,29994,29995,29995,29996,29996,29997,29998,29998]} 1. e4 Nf6 2. e5 Nd5 3. d4 Nb6 4. Nf3 d6 5. a4 {[%cal Ba2a4,Ba4a5][%mdl 32]} g6 6. a5 {B04: Alekhine's Defence: 4 Nf3.} N6d7 7. Bc4 {[#] And now Ng5 would win.} e6 {[#]} 8. h4 $146 {White is better.} ({Predecessor:} 8. Nc3 Bg7 9. Bg5 f6 10. exf6 Nxf6 11. Qe2 Qd7 12. O-O O-O 13. Rfe1 h6 14. Bd2 {1-0 (29) Cole,S (1892)-Pardoe,I (1764) ICCF email 2015}) 8... d5 9. Bd3 h5 (9... c5 $16 {might work better.}) 10. Bg5 (10. c4 $18) 10... Be7 $16 11. Nc3 a6 {[#]} 12. Ne2 $1 c5 13. c3 (13. Nf4 $18) 13... cxd4 14. cxd4 ({Much less strong is} 14. Nexd4 $6 Bxg5 15. hxg5 Nc6 $11) 14... Nc6 15. Qa4 (15. O-O $16) 15... Bxg5 16. Nxg5 Qe7 17. O-O Qb4 (17... Nf8 $1 $14) 18. Qxb4 Nxb4 19. Bb1 Nc6 20. Rc1 O-O 21. f4 Re8 22. Kf2 f6 $2 {[%mdl 8192]} (22... Nf8 $11 {and Black stays safe.}) 23. Nf3 $2 (23. Bxg6 $18 Re7 24. Nf3 (24. Bxh5 fxg5 25. fxg5 Nf8 $16)) 23... Kg7 24. Ke3 fxe5 $2 (24... Nf8 $16) 25. fxe5 $18 ({Not} 25. dxe5 Ndb8 $16) 25... Rb8 26. Nf4 Nf8 27. Ng5 Bd7 28. Bd3 Rec8 $2 (28... Rbc8 {was worth a try.} 29. Rc3 Re7) 29. Rc5 $2 (29. Rf1 $18) 29... Nb4 $2 (29... Nxe5 $1 $11 {and Black has nothing to worry.} 30. Rxc8 Ng4+ 31. Kd2 Rxc8) 30. Rac1 Rxc5 31. Rxc5 {Black must now prevent Rc7.} Nxd3 $2 (31... Rc8 $16 {was called for.}) 32. Kxd3 Rc8 $2 (32... b6 33. Rc7 Kh6 34. axb6 Rxb6) 33. Rxc8 Bxc8 {[%mdl 4096] Endgame KBN-KNN} 34. Kc3 Bd7 35. Kb4 Bc8 36. Kc5 Nd7+ 37. Kd6 Nf8 38. Ke7 Bd7 39. Nfxe6+ {White mates.} Bxe6 40. Nxe6+ Nxe6 41. Kxe6 {KP-KP} g5 42. hxg5 Kg6 43. Kd6 Kxg5 44. e6 h4 45. e7 h3 46. gxh3 Kh4 47. e8=Q Kxh3 48. Qe5 Kg2 49. Kxd5 Kf3 50. Kc5 b6+ 51. Kxb6 Kf2 52. Kxa6 Kf3 53. Kb5 Kf2 54. d5 Kf3 55. d6 Kf2 56. d7 Kf3 57. d8=Q Kf2 58. Qdf6+ {Accuracy: White = 51%, Black = 35%.} 1-0

[Event "Stay Safe Play From Home 200"]
[Site "T#646566Emanuel Laske"]
[Date "2020.06.04"]
[Round "8"]
[White "Castlingarrocco"]
[Black "Fischer_11"]
[Result "0-1"]
[WhiteElo "2015"]
[BlackElo "2010"]
[Annotator "NA RC"]
[PlyCount "48"]
[EventDate "2020.06.04"]
[EventType "swiss (blitz)"]

1. Nc3 {[%emt 0:00:03]} Nf6 {[%emt 0:00:03]} 2. e4 {[%emt 0:00:00]} d5 {[%emt 0:00:00]} 3. e5 {[%emt 0:00:01]} Ne4 {[%emt 0:00:01]} 4. d4 {[%emt 0:00:01]} Nxc3 {[%emt 0:00:01]} 5. bxc3 {[%emt 0:00:00]} c5 {[%emt 0:00:00]} 6. Bd3 {[%emt 0:00:01]} Nc6 {[%emt 0:00:00]} 7. f4 {[%emt 0:00:01]} cxd4 {[%emt 0:00:01]} 8. cxd4 {[%emt 0:00:01]} h5 {[%emt 0:00:04]} 9. c3 {[%emt 0:00:01]} Bg4 {[%emt 0:00:01]} 10. Nf3 {[%emt 0:00:01]} e6 {[%emt 0:00:01]} 11. Qe2 {[%emt 0:00:01]} Qa5 {[%emt 0:00:01]} 12. Bd2 {[%emt 0:00:01]} Qa4 {[%emt 0:00:01]} 13. O-O {[%emt 0:00:01]} Be7 {[%emt 0:00:01]} 14. h3 {[%emt 0:00:00]} Bxf3 {[%emt 0:00:03]} 15. Qxf3 {[%emt 0:00:00]} g6 {[%emt 0:00:01]} 16. g4 {[%emt 0:00:03]} hxg4 {[%emt 0:00:02]} 17. hxg4 {[%emt 0:00:00]} Rc8 {[%emt 0:00:04]} 18. f5 {[%emt 0:00:01]} exf5 {[%emt 0:00:04]} 19. gxf5 {[%emt 0:00:01]} g5 {[%emt 0:00:00]} 20. e6 {[%emt 0:00:02]} f6 {[%emt 0:00:03]} 21. Qxd5 {[%emt 0:00:01]} Rd8 {[%emt 0:00:06]} 22. Qf3 {[%emt 0:00:02]} Qa5 {[%emt 0:00:01]} 23. c4 {[%emt 0:00:03]} Qxd2 {[%emt 0:00:02]} 24. d5 {[%emt 0:00:02]} Qh2# {[%emt 0:00:05] (Lag: Av=0.28s, max=0.6s)} 0-1

[Event "Stay Safe Play From Home 200"]
[Site "T#646566Emanuel Laske"]
[Date "2020.06.04"]
[Round "8"]
[White "Haxhi Baha"]
[Black "Lazieri3"]
[Result "1-0"]
[WhiteElo "1989"]
[BlackElo "1943"]
[Annotator "TA"]
[PlyCount "59"]
[EventDate "2020.06.04"]
[EventType "swiss (blitz)"]

{[%evp 9,58,51,72,54,43,5,5,5,0,0,0,0,0,-31,-16,-50,-19,-89,0,0,419,427,767,645,650,555,554,542,551,542,538,539,539,527,522,508,621,587,852,163,152,152,148,147,144,137,135,68,206,206,29999]} 1. e4 c6 2. Nc3 d5 3. Nf3 dxe4 4. Nxe4 Nd7 5. Bc4 Ndf6 6. Neg5 {B11: Caro-Kann: Two Knights Variation.} e6 7. Qe2 {[#]} (7. Ne5 {is interesting.} Nh6 8. d4 Bd6 9. O-O O-O 10. c3) 7... h6 $146 ({Predecessor:} 7... Nh6 8. d4 g6 9. Bd2 Bg7 10. O-O-O O-O 11. Ne5 Nd5 12. Bd3 Nf5 13. c3 Qe7 14. g4 {1-0 (27) Christensen,E (2085)-Andersen,N (2020) Copenhagen 2002}) 8. Ne4 {The position is equal.} Nxe4 9. Qxe4 Nf6 10. Qe2 Bd6 11. d3 O-O 12. Bd2 b6 13. O-O-O (13. O-O $1 $11) 13... Bb7 (13... b5 $17 14. Bb3 c5) 14. g4 $11 Nxg4 $2 {[%mdl 8192] [#]} (14... b5 $11 {and Black stays safe.} 15. Bb3 a5) 15. Rhg1 $18 Nxh2 (15... h5 $142 16. h3 Nf6) 16. Nxh2 Bxh2 17. Bxh6 Bxg1 18. Rxg1 Qf6 19. Bxg7 Qxg7 20. Rxg7+ Kxg7 21. Qg4+ Kf6 22. Qh4+ Ke5 23. Qe7 Rab8 {[#]} 24. f4+ $2 (24. d4+ $1 {[%mdl 512]} Kf5 (24... Kxd4 25. Qd6+) 25. Bd3+ Kg4 26. Qf6) 24... Kxf4 25. Qf6+ Kg3 26. d4 {[%mdl 1024] White has strong compensation.} c5 27. Qg5+ Kf3 28. Kd2 ({Better is} 28. dxc5 $16 bxc5 29. Qxc5) 28... Rg8 (28... cxd4 $14 29. Be2+ Kf2) 29. Be2+ Ke4 $2 (29... Kf2 $18 30. Qf6+ Kg1) 30. Qe5# {Accuracy: White = 57%, Black = 39%.} 1-0

[Event "Stay Safe Play From Home 200"]
[Site "T#646566Emanuel Laske"]
[Date "2020.06.04"]
[Round "8"]
[White "SecantFX"]
[Black "SoulofWolf"]
[Result "0-1"]
[WhiteElo "1850"]
[BlackElo "2196"]
[Annotator "TA"]
[PlyCount "104"]
[EventDate "2020.06.04"]
[EventType "swiss (blitz)"]

{[%evp 9,104,-40,-41,-58,14,0,27,33,37,41,36,9,18,0,53,-19,-8,-47,-14,-12,-23,-20,-20,-21,-14,-29981,-29982,-29982,-29981,-29999,-1550,-1866,-246,-245,-225,-878,-863,-837,-837,-837,54,45,88,88,85,-326,-52,-359,-369,-456,-460,-470,-245,-470,-483,-546,-505,-604,-560,-607,-599,-789,-777,-1022,-993,-1075,-1052,-806,-781,-955,-769,-6079,-5855,-4686,-4210,-5612,-4790,-29964,-1480,-29969,-29970,-29971,-29972,-29977,-29977,-29977,-29977,-29976,-29977,-29985,-29979,-29985,-29979,-29988,-29989,-29992,-29993]} 1. g3 e6 2. Bg2 Nf6 3. f4 Be7 {[#]} 4. c3 $146 ({Predecessor:} 4. Nf3 Nc6 5. d3 d5 6. O-O O-O 7. h3 b5 8. Nbd2 Bc5+ 9. Kh2 Bb7 10. e4 dxe4 11. dxe4 {1-0 (51) Gucagaite,G (1632)-Pilipuitis,M Palanga 2014}) 4... O-O 5. d4 d5 6. Nd2 {A00: Irregular Openings.} b6 (6... c5 $15) 7. e4 $1 $11 dxe4 8. Nxe4 {White has an edge.} Nxe4 9. Bxe4 c6 10. Nf3 Bb7 11. O-O Qc7 (11... Nd7 $11) 12. Re1 (12. f5 $14) 12... Nd7 13. Ng5 Nf6 14. Bg2 c5 15. Bxb7 Qxb7 16. dxc5 Bxc5+ 17. Kf1 $2 {[%mdl 8192]} (17. Be3 $11) 17... Qh1+ {[%mdl 64] Double Attack} 18. Ke2 Qxh2+ {[%mdl 64] Double Attack} 19. Kf3 Rad8 (19... Qf2# $142) 20. Qe2 {[#]} Qh5+ $2 (20... Rd3+ $1 {[%mdl 512]} 21. Be3 (21. Qxd3 Qf2#) 21... Rxe3+ 22. Qxe3 Bxe3) 21. Kg2 $19 Ng4 $40 {[%mdl 128] White must now prevent ...Qh2+. Black attacks with force.} 22. Rh1 $2 {[#]} (22. Nf3) 22... Ne3+ $1 {[%mdl 576] Discovered Attack} 23. Qxe3 {[#]} (23. Bxe3 Qxe2+) 23... Qxh1+ $1 {[%mdl 576] Remove Defender} 24. Kxh1 Bxe3 $2 (24... Rd1+ $19 25. Qe1 Rxe1+ 26. Kg2 Be3 27. Bxe3 Rxa1) 25. Bxe3 $14 h6 26. Ne4 Rd3 {[#]} 27. Bf2 $2 {[%mdl 8192]} (27. Re1 $1 $16) 27... Rfd8 $2 ({Black should play} 27... f5 $19 28. Nd6 Rxd6) 28. Kg2 $2 {[%mdl 8192]} (28. Bd4 $1 $15) 28... f5 $19 29. Re1 fxe4 30. Rxe4 {[%mdl 4096] Endgame KRR-KRB} Kf7 (30... Rd2 $142 31. b4 R8d3) 31. f5 $2 (31. Be3 {was called for.}) 31... exf5 32. Rf4 g6 33. g4 R8d5 34. gxf5 Rxf5 35. Rd4 Rxd4 36. Bxd4 {KR-KB} Ke6 37. Kg3 Ra5 38. a3 Rg5+ 39. Kh4 Rb5 40. b4 Rh5+ 41. Kg4 Kd5 42. Be3 Re5 43. Bxh6 Rh5 (43... Kc4 $142 44. Bf8 Kb3 45. Bd6 Re6 46. Bb8 Kxa3 47. b5 Kb3 48. Bxa7 Kxc3 49. Kg5 Kb4 50. Bb8 Kxb5 51. Bf4 Kc4 52. Bc1 b5 53. Ba3 b4 54. Bb2 Re2 55. Ba1 Rg2+ 56. Kf4 b3 57. Ke3 b2 58. Bxb2 Rxb2 59. Kf4 Kd4 60. Kg5 Ke5 61. Kg4 Rb3 62. Kg5 Rg3+ 63. Kh4 Rg1 64. Kh3 Kf4 65. Kh2 Rg3 66. Kh1 Kf3 67. Kh2 Kf2 68. Kh1 Rh3#) 44. Bg7 Kc4 {Black mates.} 45. Bd4 Kb3 46. a4 Kxa4 47. Kf4 Kb5 48. Ke4 Kc4 49. Be5 a5 50. bxa5 bxa5 {[%cal Bb6a5,Ba5a4,Ba4a3][%mdl 32]} 51. Bd4 a4 52. Kf4 a3 {Accuracy: White = 32%, Black = 54%.} 0-1

[Event "Stay Safe Play From Home 200"]
[Site "T#646566Emanuel Laske"]
[Date "2020.06.04"]
[Round "8"]
[White "Matanant"]
[Black "Trotsky"]
[Result "0-1"]
[WhiteElo "1637"]
[BlackElo "1576"]
[Annotator "NA RC"]
[PlyCount "54"]
[EventDate "2020.06.04"]
[EventType "swiss (blitz)"]

1. e4 {[%emt 0:00:02]} c5 {[%emt 0:00:01]} 2. f4 {[%emt 0:00:01]} e6 {[%emt 0:00:00]} 3. Nf3 {[%emt 0:00:01]} d5 {[%emt 0:00:01]} 4. e5 {[%emt 0:00:01]} Nc6 {[%emt 0:00:02]} 5. c3 {[%emt 0:00:01]} Qc7 {[%emt 0:00:00]} 6. d4 {[%emt 0:00:01]} Bd7 {[%emt 0:00:00]} 7. Be3 {[%emt 0:00:02]} c4 {[%emt 0:00:02]} 8. Be2 {[%emt 0:00:02]} O-O-O {[%emt 0:00:01]} 9. O-O {[%emt 0:00:01]} f6 {[%emt 0:00:00]} 10. b3 {[%emt 0:00:02]} fxe5 {[%emt 0:00:01]} 11. fxe5 {[%emt 0:00:02]} h5 {[%emt 0:00:06]} 12. bxc4 {[%emt 0:00:02]} Nh6 {[%emt 0:00:02]} 13. c5 {[%emt 0:00:05]} Ng4 {[%emt 0:00:01]} 14. Bg5 {[%emt 0:00:04]} Re8 {[%emt 0:00:04]} 15. Nbd2 {[%emt 0:00:04]} Ncxe5 {[%emt 0:00:02]} 16. Nxe5 {[%emt 0:00:04]} Nxe5 {[%emt 0:00:01]} 17. dxe5 {[%emt 0:00:01]} Bxc5+ {[%emt 0:00:02]} 18. Kh1 {[%emt 0:00:03]} Qxe5 {[%emt 0:00:01]} 19. Bf4 {[%emt 0:00:02]} Qf5 {[%emt 0:00:08]} 20. Nb3 {[%emt 0:00:03]} Be7 {[%emt 0:00:04]} 21. Bd3 {[%emt 0:00:02]} Qf6 {[%emt 0:00:05]} 22. c4 {[%emt 0:00:05]} e5 {[%emt 0:00:01]} 23. Bg3 {[%emt 0:00:02]} Qe6 {[%emt 0:00:04]} 24. Be2 {[%emt 0:00:02]} d4 {[%emt 0:00:03]} 25. Bf2 {[%emt 0:00:01]} Bc6 {[%emt 0:00:01]} 26. Bf3 {[%emt 0:00:01]} e4 {[%emt 0:00:01]} 27. Be2 {[%emt 0:00:01]} Qd5 {[%emt 0:00:01] Time (Lag: Av=0.53s, max=0.9s)} 0-1